00850nam a2200217 a 450000100100000000500170001000800410002702000150006804000250008310000360010824501410014425000120028526000940029730000280039149000220041950000680044150400280050970000250053771000480056283000220061000004039320201002034114.0130823s2001 mx 000 0 spa d a9683690157 aDO-SdBNPbspacBNPHU1 aMuñoz de Alba Medrano, Marcia10aDerechos de las personas con síndrome de inmunodeficiencia adquirida. SIDA-VIH /cMarcia Muñoz de Alba Medrano, Fernando Cano Valle. a2a. ed. aMéxico :bUniversidad Nacional Autónoma de México :bCámara de Diputados;,c2001. a109 p. :bil. ;c22 cm.1 aNuestros derechos aIncluye datos biográficos de los autores en la contracubierta aBibliografía : p. 1091 aCano Valle, Fernando2 aUniversidad Nacional Autónoma de México 0aNuestros derechos